Loading...
| Literature - World | 0 | 4 | 2 | 1 | 30 | 97 | 129.25 | 0 | 1 | 3.46 | 10.16 |
| Science - Other | 0 | 3 | 1 | 0 | 25 | 91 | 113.00 | 0 | 0 | 3.07 | 10.29 |
| Philosophy | 0 | 2 | 0 | 0 | 20 | 136 | 137.50 | 0 | 0 | 0.12 | 2.35 |
| Mythology | 0 | 2 | 0 | 0 | 20 | 73 | 105.00 | 0 | 0 | 5.02 | 11.11 |
| Religion | 0 | 4 | 5 | 1 | 15 | 123 | 130.50 | 0 | 0 | 0.73 | 8.40 |
| Social Science | 0 | 2 | 2 | 0 | 10 | 118 | 131.50 | 0 | 0 | 0.78 | 6.32 |
| Fine Arts - Classical Music | 0 | 1 | 0 | 0 | 10 | 133 | 133.00 | 0 | 0 | -0.04 | 0.25 |
| Fine Arts - Painting & Sculpture | 0 | 2 | 2 | 1 | 10 | 123 | 140.50 | 0 | 0 | 0.15 | 4.17 |
| History - American | 0 | 1 | 0 | 0 | 10 | 124 | 124.00 | 0 | 0 | 0.27 | 2.70 |
| Literature - European | 0 | 1 | 0 | 0 | 10 | 139 | 139.00 | 0 | 0 | 0.87 | 4.41 |
| Science - Chemistry | 0 | 0 | 0 | 0 | 0 | 0.00 | 0 | 0 | 0.00 | 0.00 | |
| Current Events | 0 | 0 | 0 | 0 | 0 | 0.00 | 0 | 0 | 0.00 | 0.00 | |
| Fine Arts - Other | 0 | 0 | 0 | 0 | 0 | 0.00 | 0 | 0 | 0.00 | 0.00 | |
| History - World | 0 | 0 | 0 | 0 | 0 | 0.00 | 0 | 0 | 0.00 | 0.00 | |
| Science - Biology | 0 | 0 | 1 | 0 | -5 | 0.00 | 0 | 0 | 0.00 | 0.00 | |
| Science - Physics | 0 | 0 | 1 | 0 | -5 | 0.00 | 0 | 0 | 0.00 | 0.00 | |
| Literature - American | 0 | 0 | 2 | 0 | -10 | 0.00 | 0 | 0 | 0.00 | 0.00 | |
| Other Academic | 0 | 0 | 2 | 0 | -10 | 0.00 | 0 | 0 | 0.00 | 0.00 | |
| Literature - British | 0 | 0 | 2 | 0 | -10 | 0.00 | 0 | 0 | 0.00 | 0.00 |